[Event "BL 9192 Bielefeld-Bamberg"]
[Site "?"]
[Date "1991.??.??"]
[Round "?.5"]
[White "Bezold, M."]
[Black "Geveke, M."]
[Result "1-0"]
[WhiteElo "2355"]
[BlackElo "2330"]
[PlyCount "170"]
[EventDate "1991.??.??"]

1. g3 c5 2. Bg2 g6 3. Nf3 Bg7 4. O-O Nc6 5. c3 e5 6. d3 Nge7 7. a3 a5 8. a4 d5
9. Na3 O-O 10. e4 h6 11. exd5 Nxd5 12. Re1 Be6 13. Nc4 Qc7 14. Bd2 Rfe8 15. Qc1
Kh7 16. Re4 g5 17. h4 g4 18. Nh2 f5 19. Re1 Rad8 20. Qc2 Kh8 21. Rad1 Nde7 22.
Be3 b6 23. Qb3 Rb8 24. Bc1 Bg8 25. Nf1 Red8 26. Nfe3 Qc8 27. Nc2 e4 28. Bf4 Ne5
29. Bxe5 Bxe5 30. dxe4 f4 31. gxf4 Bxf4 32. Qb5 Ng6 33. e5 Nxh4 34. Nd6 Qc7 35.
Qe2 Qg7 36. Qe4 Nf3+ 37. Kf1 Nh2+ 38. Ke2 Rf8 39. Ne3 Bxe3 40. Qxe3 Nf3 41.
Bxf3 Rxf3 42. Qe4 Bh7 43. Qd5 Rbf8 44. Rf1 Qg6 45. e6 R3f6 46. Qe5 Kg8 47. e7
Re6 48. exf8=Q+ Kxf8 49. f4 Kg8 50. Kf2 Rxe5 51. fxe5 Qh5 52. e6 Qh2+ 53. Ke3
Qe5+ 54. Kf2 Qxe6 55. Rfe1 Qf6+ 56. Kg1 Bg6 57. Nc8 g3 58. Rd2 Bf7 59. Nd6 Qf4
60. Ne4 Bg6 61. Rd8+ Kg7 62. Rd7+ Kg8 63. Rd8+ Kh7 64. Rd7+ Bf7 65. Kg2 Kg6 66.
Rd6+ Kg7 67. Rd7 Qf5 68. Re7 Qh5 69. Nxg3 Qd5+ 70. Kh2 Qd6 71. Rf1 Qxe7 72.
Nf5+ Kf8 73. Nxe7 Kxe7 74. Kg3 Bb3 75. Rh1 Kd6 76. Rxh6+ Kc7 77. Rh4 Kc6 78.
Kf3 c4 79. Ke3 Kd5 80. Rh5+ Kc6 81. Kd4 Kd6 82. Rh6+ Kc7 83. Kd5 Bxa4 84. Kxc4
Bc6 85. Kd4 Bf3 1-0

[Event "BL 9192 Bielefeld-Bamberg"]
[Site "?"]
[Date "1991.??.??"]
[Round "?.6"]
[White "Pohl Kuemmel, J."]
[Black "Goetz, R."]
[Result "1-0"]
[WhiteElo "2245"]
[BlackElo "2355"]
[PlyCount "81"]
[EventDate "1991.??.??"]

1. d4 Nf6 2. c4 c5 3. e3 g6 4. Nf3 Bg7 5. Be2 O-O 6. O-O cxd4 7. exd4 d5 8. Nc3
Nc6 9. Be3 dxc4 10. Bxc4 Ng4 11. Rc1 Nxe3 12. fxe3 e6 13. Ne4 Ne7 14. Qb3 b6
15. Qa3 Nf5 16. g4 Nh4 17. Ne5 Bb7 18. Nxf7 Rxf7 19. Rxf7 Bxe4 20. Bxe6 Kh8 21.
Rxa7 Nf3+ 22. Kf1 Rxa7 23. Qxa7 Qf6 24. Qf7 Nxh2+ 25. Ke2 Bf3+ 26. Kd3 Qxf7 27.
Bxf7 Nxg4 28. Rc8+ Bf8 29. Bxg6 Kg7 30. Bxh7 b5 31. Bf5 Nf2+ 32. Kc2 Be7 33. a3
Kf6 34. Bd7 Be2 35. Rb8 Nd1 36. Kd2 Bf3 37. Rxb5 Kg6 38. Bf5+ Kg7 39. Bc2 Nf2
40. Rf5 Ne4+ 41. Bxe4 1-0

[Event "BL 9192 Bielefeld-Bamberg"]
[Site "?"]
[Date "1991.??.??"]
[Round "?.7"]
[White "Stickler, A."]
[Black "Meier, V."]
[Result "0-1"]
[WhiteElo "2265"]
[BlackElo "2260"]
[PlyCount "78"]
[EventDate "1991.??.??"]

1. d4 Nf6 2. c4 e6 3. Nf3 b6 4. g3 Ba6 5. b3 b5 6. cxb5 Bxb5 7. Bg2 Be7 8. O-O
O-O 9. Nc3 Ba6 10. Bb2 d5 11. Rc1 Nbd7 12. Na4 Rc8 13. Nc5 Nxc5 14. dxc5 c6 15.
Re1 Ne4 16. Qd4 f6 17. Bh3 e5 18. Qe3 Qa5 19. Bxc8 Rxc8 20. Bc3 Qxc5 21. Nd2
Nxc3 22. Qxc5 Nxe2+ 23. Kg2 Bxc5 24. Rxc5 Bd3 25. b4 Nd4 26. Rec1 Rb8 27. a3
Rb6 28. Ra5 a6 29. Rac5 Kf7 30. f3 Ke7 31. Kf2 Kd6 32. R5c3 Bb5 33. Rc5 a5 34.
bxa5 Ra6 35. a4 Bxa4 36. R5c3 Bb5 37. Ra1 c5 38. Nb3 Ne6 39. Rb1 c4 0-1

[Event "BL 9192 Bielefeld-Bamberg"]
[Site "?"]
[Date "1991.??.??"]
[Round "?.8"]
[White "Beilfuss, W."]
[Black "Niedermaier, H."]
[Result "0-1"]
[WhiteElo "2220"]
[BlackElo "2305"]
[PlyCount "136"]
[EventDate "1991.??.??"]

1. d4 d5 2. c4 e6 3. Nc3 c5 4. cxd5 exd5 5. Nf3 Nc6 6. g3 Nf6 7. Bg2 Bg4 8. Ne5
Be6 9. Nxc6 bxc6 10. dxc5 Bxc5 11. O-O O-O 12. Na4 Bb6 13. b3 Qe7 14. Bb2 Bg4
15. Bxf6 Qxf6 16. h3 Bh5 17. Rc1 Rfe8 18. g4 Bg6 19. Nxb6 axb6 20. Qd2 h5 21.
g5 Qe6 22. Rfe1 Be4 23. Rc3 Bxg2 24. Kxg2 c5 25. a4 Qe4+ 26. Rf3 Re5 27. Qf4
Qxf4 28. Rxf4 Rxg5+ 29. Kf3 Re5 30. Rc1 f6 31. e4 Kf7 32. exd5 Rxd5 33. Re4 g5
34. Re3 Rd4 35. Re4 Rd5 36. Rce1 Rd3+ 37. R1e3 Rxe3+ 38. Rxe3 Rd8 39. Kg2 Rd5
40. Kh2 Re5 41. Rd3 Ke7 42. Kg2 Re4 43. Kf3 Rb4 44. Ke3 Ke6 45. Kf3 f5 46. Ke3
Ke5 47. Kf3 Rd4 48. Re3+ Kd5 49. Rc3 Rf4+ 50. Ke3 Rh4 51. Ke2 g4 52. hxg4 hxg4
53. Rd3+ Kc6 54. Rd8 Rh3 55. Rf8 Rxb3 56. Rf6+ Kb7 57. Rxf5 Ra3 58. Rf4 g3 59.
fxg3 Rxg3 60. a5 b5 61. Rf6 b4 62. Kd2 Ra3 63. Kc2 Rxa5 64. Kb3 Ra3+ 65. Kc4
Rc3+ 66. Kb5 b3 67. Rf7+ Kc8 68. Kc6 Kd8 0-1

[Event "BL 9192 Bochum-Erfurt"]
[Site "?"]
[Date "1991.??.??"]
[Round "?.1"]
[White "Teske, H."]
[Black "Dokhoian, Y."]
[Result "1/2-1/2"]
[WhiteElo "2395"]
[BlackElo "2545"]
[PlyCount "27"]
[EventDate "1991.??.??"]

1. e4 e6 2. d4 d5 3. Nc3 Bb4 4. exd5 exd5 5. Bd3 Ne7 6. Qh5 Nd7 7. Bg5 c5 8.
O-O-O Bxc3 9. bxc3 c4 10. Re1 Nf6 11. Bxf6 gxf6 12. Bf5 Bxf5 13. Qxf5 Qd6 14.
Nh3 1/2-1/2

[Event "BL 9192 Bochum-Erfurt"]
[Site "?"]
[Date "1991.??.??"]
[Round "?.2"]
[White "Glek, I."]
[Black "Casper, T."]
[Result "1/2-1/2"]
[WhiteElo "2530"]
[BlackElo "2430"]
[PlyCount "124"]
[EventDate "1991.??.??"]

1. d4 Nf6 2. c4 d6 3. Nc3 Nbd7 4. Nf3 e5 5. e4 g6 6. Be2 Bg7 7. Be3 c6 8. d5 c5
9. Nd2 h5 10. Nb5 Ke7 11. a3 a6 12. Nc3 Bh6 13. Bxh6 Rxh6 14. h4 Rh8 15. b4 Kf8
16. Nb3 b6 17. Qd2 Kg7 18. Rb1 Re8 19. g3 Ng8 20. O-O Nh6 21. Rb2 Ra7 22. Rfb1
Rf8 23. bxc5 bxc5 24. Nd1 Rb7 25. Na5 Rxb2 26. Rxb2 Qc7 27. Ne3 Nf6 28. f3 Nd7
29. Nc6 Bb7 30. Qa5 Rc8 31. Qxc7 Rxc7 32. Na5 Bc8 33. Bd1 f5 34. exf5 Nxf5 35.
Nxf5+ gxf5 36. Ba4 Kf6 37. Bc6 Ke7 38. Kf2 Nf6 39. Ba4 Nd7 40. Nc6+ Kf6 41. Nd8
Nf8 42. Rb6 f4 43. gxf4 exf4 44. Rc6 Rxc6 45. dxc6 Ke5 46. c7 d5 47. Nf7+ Ke6
48. Ng5+ Kd6 49. cxd5 Ng6 50. Be8 Nxh4 51. Bxh5 Kxd5 52. Bg4 Nf5 53. Nh3 Kd6
54. Nxf4 Kxc7 55. Nd5+ Kd6 56. Ne3 Nxe3 57. Kxe3 Bb7 58. f4 Bd5 59. Bf5 a5 60.
Be4 Bf7 61. Kd3 Ba2 62. Kc3 Bf7 1/2-1/2

[Event "BL 9192 Bochum-Erfurt"]
[Site "?"]
[Date "1991.??.??"]
[Round "?.3"]
[White "Kuczynski, R."]
[Black "Schulz, KJ."]
[Result "1-0"]
[WhiteElo "2480"]
[BlackElo "2400"]
[PlyCount "91"]
[EventDate "1991.??.??"]

1. e4 c5 2. Nf3 e6 3. Nc3 d6 4. d4 cxd4 5. Qxd4 Nc6 6. Bb5 Bd7 7. Qd3 Nge7 8.
Bf4 Nc8 9. O-O-O Be7 10. h4 h6 11. Kb1 a6 12. Bxc6 bxc6 13. Nd2 e5 14. Bg3 Be6
15. Nc4 Rb8 16. f4 Rb4 17. Ne3 Qb6 18. f5 Rd4 19. Qe2 Bd7 20. Bf2 Qb7 21. Nc4
Rxd1+ 22. Rxd1 O-O 23. g4 Re8 24. Qd2 Bf8 25. Be3 Kh7 26. Rg1 g6 27. Rf1 Rd8
28. fxg6+ fxg6 29. Rf7+ Kg8 30. Qf2 Qb4 31. Qf6 Ne7 32. Nd2 d5 33. a3 Qb8 34.
Rxe7 Bxe7 35. Qxe7 Bxg4 36. Bxh6 Rd7 37. Qf6 Kh7 38. Bg5 d4 39. Na2 Qc7 40. Nb4
Rf7 41. Qxc6 Qb8 42. Qd5 Qf8 43. Nd3 Bd1 44. Nxe5 Rc7 45. Nd7 Bxc2+ 46. Ka2 1-0

[Event "BL 9192 Bochum-Erfurt"]
[Site "?"]
[Date "1991.??.??"]
[Round "?.4"]
[White "Backwinkel, P."]
[Black "Paehtz, T."]
[Result "1/2-1/2"]
[WhiteElo "2400"]
[BlackElo "2465"]
[PlyCount "123"]
[EventDate "1991.??.??"]

1. d4 Nf6 2. c3 g6 3. Bg5 Bg7 4. Nd2 d5 5. e3 O-O 6. Ngf3 Nbd7 7. h3 Re8 8. Bf4
c5 9. Be2 b6 10. O-O Bb7 11. a4 a6 12. Ne5 Nxe5 13. Bxe5 Nd7 14. Bxg7 Kxg7 15.
f4 e6 16. Nf3 f6 17. Qe1 Qe7 18. Qg3 c4 19. Nd2 Rac8 20. Bf3 f5 21. Bd1 Ra8 22.
Nf3 b5 23. a5 Bc6 24. Qe1 Rab8 25. g4 b4 26. Rf2 Rb7 27. g5 Rg8 28. Rh2 Kf8 29.
h4 Ke8 30. h5 Kd8 31. Bc2 b3 32. Bd1 Kc7 33. Kh1 Kb8 34. Be2 Ka7 35. hxg6 hxg6
36. Rh6 Rg7 37. Qh4 Rb5 38. Kg2 Rb8 39. Kf2 Kb7 40. Rh1 Rbg8 41. Rh8 Nf8 42.
Rxg8 Rxg8 43. Ne5 Qc7 44. Ra1 Be8 45. Bf3 Ka7 46. Qh1 Qg7 47. Qg2 Qc7 48. Kg3
Nd7 49. Nxd7 Bxd7 50. Qh2 Be8 51. Rh1 Kb8 52. Qg1 Qe7 53. Rh6 Kc7 54. Qh1 Rg7
55. Rh8 Qf7 56. Qh6 Kd7 57. Kf2 Kd8 58. Qh1 Kc7 59. Qh6 Kd7 60. Be2 Kd8 61. Qh1
Rg8 62. Rxg8 1/2-1/2

[Event "BL 9192 Bochum-Erfurt"]
[Site "?"]
[Date "1991.??.??"]
[Round "?.6"]
[White "Sonntag, H."]
[Black "Schwarz, M."]
[Result "0-1"]
[WhiteElo "2370"]
[BlackElo "2315"]
[PlyCount "100"]
[EventDate "1991.??.??"]

1. d4 Nf6 2. c4 e6 3. Nc3 Bb4 4. Qc2 c5 5. dxc5 Na6 6. a3 Qa5 7. Bd2 Nxc5 8.
Rb1 Bxc3 9. Bxc3 Qa4 10. Qxa4 Nxa4 11. Be5 Ke7 12. b3 Nc5 13. b4 Na4 14. e3 d6
15. Ba1 Bd7 16. Nf3 Rhc8 17. Be2 b5 18. cxb5 Nd5 19. Nd4 Nac3 20. Bxc3 Nxc3 21.
Ra1 e5 22. Nc6+ Bxc6 23. bxc6 Rxc6 24. Bd3 e4 25. Bc2 d5 26. Kd2 Rac8 27. Bb3
Nb5 28. Rhc1 Rc3 29. Rxc3 Rxc3 30. a4 Rd3+ 31. Kc2 Nc7 32. Rd1 Na6 33. Rxd3
Nxb4+ 34. Kc3 Nxd3 35. Bxd5 Nxf2 36. Kd4 f5 37. h3 Kf6 38. Bc4 g5 39. Be2 Ke6
40. Ba6 h5 41. Be2 h4 42. a5 g4 43. hxg4 fxg4 44. Ba6 g3 45. Bf1 Kd6 46. a6 Ke6
47. Bc4+ Ke7 48. Bf1 Kd6 49. Kc4 Ke5 50. Kc3 Ng4 0-1

[Event "BL 9192 Bochum-Erfurt"]
[Site "?"]
[Date "1991.??.??"]
[Round "?.7"]
[White "Maiwald, J."]
[Black "Beckemeyer, W."]
[Result "1-0"]
[WhiteElo "2295"]
[BlackElo "2380"]
[PlyCount "81"]
[EventDate "1991.??.??"]

1. d4 Nf6 2. c4 g6 3. Nf3 Bg7 4. g3 c6 5. Nc3 d5 6. Qb3 Qb6 7. Bg2 dxc4 8. Qxc4
O-O 9. O-O Bf5 10. Ne5 Be6 11. Qd3 Rd8 12. Rd1 Nbd7 13. Nf3 Bf5 14. Qc4 Be6 15.
Qa4 h6 16. h3 a5 17. e4 Qb4 18. Qc2 Nb6 19. Bf4 Ne8 20. Kh2 a4 21. Rab1 Nc4 22.
g4 Ned6 23. a3 Qa5 24. Qc1 Kh7 25. e5 Nb5 26. Ne4 Bd5 27. Nh4 Qa7 28. Be3 e6
29. Bxh6 Bxh6 30. Nf6+ Kg7 31. g5 Rh8 32. Ng4 Bxg5 33. Qxg5 b6 34. Bxd5 cxd5
35. Qf6+ Kg8 36. Rd3 Rh7 37. Rg1 Qd7 38. Nxg6 fxg6 39. Qxg6+ Qg7 40. Nf6+ Kh8
41. Rdg3 1-0

[Event "BL 9192 Bochum-Erfurt"]
[Site "?"]
[Date "1991.??.??"]
[Round "?.8"]
[White "Von Gleich, A."]
[Black "Lazarev, V."]
[Result "1-0"]
[WhiteElo "2345"]
[BlackElo "2440"]
[PlyCount "53"]
[EventDate "1991.??.??"]

1. Nf3 d5 2. c4 dxc4 3. Na3 a6 4. Nxc4 b5 5. Nce5 f6 6. Nd3 e5 7. e4 Be6 8. Qc2
Nd7 9. b4 Ne7 10. Bb2 Ng6 11. h3 Bc4 12. g3 Nb6 13. Nc5 Bxc5 14. bxc5 Bxf1 15.
Kxf1 Nc4 16. Bc3 Na3 17. Qb3 Qd3+ 18. Kg2 Nc4 19. Rhe1 h5 20. a4 h4 21. axb5
hxg3 22. fxg3 Rxh3 23. Rf1 Rh6 24. Ra4 Nf4+ 25. gxf4 exf4 26. Qxc4 Rg6+ 27. Kf2
1-0

[Event "BL 9192 Koblenz-Dortmund"]
[Site "?"]
[Date "1991.??.??"]
[Round "?.2"]
[White "Rozentalis, E."]
[Black "Razuvaev, Y."]
[Result "1-0"]
[WhiteElo "2575"]
[BlackElo "2590"]
[PlyCount "81"]
[EventDate "1991.??.??"]

1. d4 Nf6 2. Nf3 e6 3. Bg5 h6 4. Bxf6 Qxf6 5. e4 d6 6. Nc3 Nd7 7. Bd3 g6 8. Qd2
Bg7 9. Nb5 Qd8 10. Qc3 Nc5 11. e5 Na6 12. O-O-O O-O 13. h4 Bd7 14. h5 g5 15.
Nh2 f5 16. exd6 cxd6 17. Rhe1 Qb6 18. Qb3 Kh8 19. Nf3 e5 20. Nxd6 Qxd6 21. Nxe5
Nb4 22. Bc4 Nc6 23. Qxb7 Rad8 24. Ng6+ Kh7 25. Nxf8+ Rxf8 26. Qa6 Rb8 27. Bb3
Qc7 28. Qc4 Qd6 29. Qa6 Qc7 30. Kb1 Kh8 31. c3 Qb6 32. Qxb6 axb6 33. Be6 Be8
34. Bxf5 Bxh5 35. g4 Bf7 36. d5 Ne5 37. d6 Rd8 38. d7 Kg8 39. Rd6 b5 40. Rb6
Kf8 41. Rxb5 1-0

[Event "BL 9192 Koblenz-Dortmund"]
[Site "?"]
[Date "1991.??.??"]
[Round "?.3"]
[White "Schmittdiel, E."]
[Black "Seul, G."]
[Result "1/2-1/2"]
[WhiteElo "2490"]
[BlackElo "2390"]
[PlyCount "113"]
[EventDate "1991.??.??"]

1. e4 g6 2. d4 Bg7 3. f4 c5 4. dxc5 Qa5+ 5. c3 Qxc5 6. Nf3 d6 7. Bd3 Nf6 8. Qe2
O-O 9. Be3 Qc7 10. Nbd2 Nbd7 11. Nb3 b6 12. O-O Bb7 13. Bd2 e5 14. fxe5 dxe5
15. Rad1 h6 16. Bc1 Rad8 17. Kh1 Nh5 18. Ba6 Nf4 19. Bxf4 Bxa6 20. Qxa6 exf4
21. Rde1 Ne5 22. Nbd4 Nxf3 23. Nxf3 Rfe8 24. h3 Re7 25. Qa4 Rde8 26. Re2 Qc5
27. Rfe1 b5 28. Qb3 Be5 29. a4 bxa4 30. Qxa4 Bc7 31. Qd4 Bb6 32. Qf6 Qc7 33.
Qh4 Kg7 34. Nh2 h5 35. Nf3 Be3 36. e5 Qb7 37. Qf6+ Kg8 38. Rd1 Re6 39. Qh4 Kg7
40. Qe1 Qe7 41. Rd5 Qc7 42. Qd1 Qc4 43. Kh2 R6e7 44. Rd6 Rb7 45. Qc2 Rb6 46.
Rxb6 axb6 47. b3 Qc6 48. Qd3 Re7 49. c4 Rd7 50. Qc3 Kg8 51. Ra2 Rd8 52. Qc2 Qd7
53. Qe4 Kg7 54. b4 Qd3 55. Qxd3 Rxd3 56. Rc2 Kf8 57. c5 1/2-1/2

[Event "BL 9192 Koblenz-Dortmund"]
[Site "?"]
[Date "1991.??.??"]
[Round "?.4"]
[White "Brueckner, T."]
[Black "Mainka, R."]
[Result "0-1"]
[WhiteElo "2405"]
[BlackElo "2445"]
[PlyCount "84"]
[EventDate "1991.??.??"]

1. e4 c5 2. Nc3 d6 3. g3 Nc6 4. Bg2 g6 5. d3 Bg7 6. Nge2 e6 7. O-O Nge7 8. Bg5
O-O 9. Qd2 Rb8 10. Bh6 Bxh6 11. Qxh6 b5 12. a3 a5 13. Qd2 b4 14. axb4 axb4 15.
Nd1 Nd4 16. Ne3 Nec6 17. Nc1 Na5 18. Qd1 Qb6 19. h4 Bb7 20. h5 Rbe8 21. c3 Ndc6
22. Ne2 Ba6 23. Kh1 Ne5 24. c4 Bb7 25. f4 Nd7 26. g4 Nc6 27. f5 Qd8 28. Qe1
Nde5 29. Rd1 Qg5 30. Nf4 gxh5 31. Nh3 Qg7 32. g5 Ng4 33. Rf4 Nce5 34. Nxg4 hxg4
35. f6 Qg6 36. Qh4 gxh3 37. Bxh3 Kh8 38. Rg1 Nxd3 39. Rfg4 Ne5 40. Rf4 Ra8 41.
Kh2 Ra2 42. Rg2 Bxe4 0-1

[Event "BL 9192 Koblenz-Dortmund"]
[Site "?"]
[Date "1991.??.??"]
[Round "?.5"]
[White "Keitlinghaus, L."]
[Black "Fritsche, L."]
[Result "1-0"]
[WhiteElo "2445"]
[BlackElo "2395"]
[PlyCount "83"]
[EventDate "1991.??.??"]

1. e4 d6 2. d4 g6 3. Nc3 Bg7 4. Nf3 Nd7 5. Bc4 c6 6. Ng5 d5 7. Qf3 Nh6 8. exd5
cxd5 9. Bxd5 O-O 10. O-O e5 11. dxe5 Nxe5 12. Qd1 Qb6 13. Bb3 Bf5 14. Be3 Qa5
15. Qd5 Nc6 16. Nf3 Bg4 17. Qxa5 Nxa5 18. Bd4 Bxf3 19. Bxg7 Kxg7 20. gxf3 Rfd8
21. Bd5 Rac8 22. Rfd1 Nf5 23. Rd3 Nc6 24. Bxc6 Rxd3 25. cxd3 Rxc6 26. Rd1 Nd4
27. Kg2 Rc5 28. f4 b5 29. Rd2 Rf5 30. Kg3 Ne6 31. Ne2 Rd5 32. d4 b4 33. Kf3 Kf6
34. Ke3 Ra5 35. b3 Nc7 36. Rc2 Nd5+ 37. Kd3 Ke6 38. Rc6+ Kd7 39. Rc5 Rxc5 40.
dxc5 Nc7 41. Nd4 Nd5 42. Ne2 1-0

[Event "BL 9192 Koblenz-Dortmund"]
[Site "?"]
[Date "1991.??.??"]
[Round "?.6"]
[White "Fecht, H."]
[Black "Thesing, M."]
[Result "1/2-1/2"]
[WhiteElo "2245"]
[BlackElo "2405"]
[PlyCount "92"]
[EventDate "1991.??.??"]

1. d4 d5 2. c4 c6 3. Nf3 Nf6 4. Nc3 e6 5. cxd5 exd5 6. Bg5 Be7 7. e3 Bf5 8. Qb3
Qb6 9. Be2 Nbd7 10. O-O h6 11. Bh4 O-O 12. Ne5 Bd6 13. Nxd7 Nxd7 14. Bg3 Bxg3
15. hxg3 Nf6 16. Rac1 Rab8 17. Qxb6 axb6 18. Rfd1 Ra8 19. Bd3 Bxd3 20. Rxd3 Ne8
21. a4 Nd6 22. b3 f5 23. Rd2 g5 24. Re1 Kg7 25. f3 Rfe8 26. Rde2 Re7 27. Kf2
Rae8 28. Kf1 Kg6 29. Kf2 h5 30. Ra1 Rh7 31. Rae1 h4 32. gxh4 Rxh4 33. Rg1 Kf6
34. Rf1 Reh8 35. Ke1 Rh1 36. Ref2 Rxf1+ 37. Rxf1 Re8 38. Kf2 f4 39. exf4 gxf4
40. Ne2 Kg5 41. g4 fxg3+ 42. Nxg3 Rh8 43. Rg1 Rh2+ 44. Rg2 Rxg2+ 45. Kxg2 Kh4
46. Kf2 Kh3 1/2-1/2

[Event "BL 9192 Koblenz-Dortmund"]
[Site "?"]
[Date "1991.??.??"]
[Round "?.7"]
[White "Luecke, N."]
[Black "Reschke, S."]
[Result "1/2-1/2"]
[WhiteElo "2390"]
[BlackElo "2310"]
[PlyCount "51"]
[EventDate "1991.??.??"]

1. e4 c5 2. Nf3 d6 3. d4 cxd4 4. Nxd4 Nf6 5. Nc3 g6 6. Be3 Bg7 7. f3 O-O 8. Qd2
Nc6 9. Bc4 Bd7 10. h4 h5 11. O-O-O Ne5 12. Bb3 Rc8 13. Kb1 Re8 14. Nde2 Qa5 15.
Bh6 Nc4 16. Bxc4 Rxc4 17. Bxg7 Kxg7 18. Nf4 Qe5 19. Ncd5 Nxd5 20. Nxd5 Be6 21.
Ne3 Rc5 22. Rhe1 Rec8 23. Qd4 Ra5 24. a3 Rc6 25. Rd3 Kh7 26. Qxe5 1/2-1/2

[Event "BL 9192 Porz-Solingen"]
[Site "?"]
[Date "1991.??.??"]
[Round "?.2"]
[White "Lutz, C."]
[Black "Chandler, M."]
[Result "1/2-1/2"]
[WhiteElo "2545"]
[BlackElo "2605"]
[PlyCount "142"]
[EventDate "1991.??.??"]

1. d4 Nf6 2. c4 e6 3. Nf3 Bb4+ 4. Bd2 c5 5. Bxb4 cxb4 6. g3 O-O 7. Bg2 d6 8.
O-O Re8 9. a3 Nc6 10. axb4 Nxb4 11. Ng5 Qc7 12. Qa4 Nc6 13. d5 Ne5 14. dxe6
fxe6 15. Nd2 Bd7 16. Qb3 h6 17. Nh3 Bc6 18. Nf4 Bxg2 19. Kxg2 Qc6+ 20. Kg1 a6
21. Rac1 Rac8 22. Qa3 Nf7 23. Nf3 Qe4 24. b3 e5 25. Nd2 Qc6 26. Ng2 Ng5 27. h4
Ne6 28. Nf3 e4 29. Nh2 Qc5 30. b4 Qe5 31. Rfd1 Rc6 32. Ne3 h5 33. Qa1 Rec8 34.
Qxe5 dxe5 35. Nf5 Kf8 36. c5 b6 37. Nd6 Rd8 38. Nc4 Rxd1+ 39. Rxd1 bxc5 40.
Nxe5 Rb6 41. bxc5 Nxc5 42. g4 hxg4 43. Rd8+ Ke7 44. Ra8 Nd5 45. Nhxg4 Nf4 46.
Rc8 Nxe2+ 47. Kh2 Ne6 48. Ra8 Nc7 49. Rc8 Rb7 50. Rg8 Ne6 51. Ra8 Nc5 52. Rc8
Nb3 53. Ra8 Nc5 54. Rc8 Nd3 55. Rc4 Kd6 56. Rxe4 Nxe5 57. Rxe5 Nd4 58. Ra5 Ra7
59. Ne3 Nb5 60. Kg3 Kc5 61. Ra4 Nd6 62. Kg4 a5 63. f4 Kb5 64. Rd4 Ne8 65. Nd1
Kc5 66. Ra4 Nf6+ 67. Kg5 Nd5 68. f5 Nb6 69. Ra1 Kd4 70. Ra3 Nc4 71. Ra4 Kd3
1/2-1/2

[Event "BL 9192 Porz-Solingen"]
[Site "?"]
[Date "1991.??.??"]
[Round "?.4"]
[White "Vaganian, R."]
[Black "Mohr, S."]
[Result "1-0"]
[WhiteElo "2585"]
[BlackElo "2465"]
[PlyCount "131"]
[EventDate "1991.??.??"]

1. Nf3 d6 2. g3 e5 3. d3 g6 4. c4 Bg7 5. Nc3 Nc6 6. Bg2 f5 7. O-O h6 8. Rb1 a5
9. a3 Nf6 10. b4 axb4 11. axb4 Be6 12. Nd2 Rb8 13. Nd5 O-O 14. b5 Ne7 15. e4 b6
16. f4 Nd7 17. Bb2 Nc5 18. Nb4 Rc8 19. Qe2 exf4 20. gxf4 Bxb2 21. Rxb2 Qd7 22.
Qe3 Kh7 23. Ra2 Ng8 24. e5 dxe5 25. fxe5 f4 26. Rxf4 Rxf4 27. Qxf4 Nxd3 28.
Nxd3 Qxd3 29. Bf1 Qd7 30. Nf3 Qe7 31. Rf2 Re8 32. Bd3 Kg7 33. Nd4 Qg5+ 34. Qxg5
hxg5 35. Ra2 Bg4 36. Ra7 Rxe5 37. Rxc7+ Re7 38. Rxe7+ Nxe7 39. Nb3 Bf3 40. Kf2
Bh1 41. c5 bxc5 42. Nxc5 Kf6 43. b6 Nc6 44. Ne4+ Ke5 45. Nxg5 Ne7 46. Nf3+ Kd6
47. Be4 g5 48. Kg3 Ng8 49. Nxg5 Bxe4 50. Nxe4+ Kc6 51. Kf4 Kxb6 52. Kg5 Kc7 53.
h4 Kd8 54. Nf6 Ne7 55. h5 Nc6 56. h6 Ne5 57. h7 Ke7 58. Kf5 Nf7 59. Kg6 Kf8 60.
Nd7+ Ke7 61. Kg7 Nh8 62. Ne5 Ke8 63. Ng6 Nf7 64. Nh4 Ke7 65. Nf5+ Ke6 66. Nh6
1-0

[Event "BL 9192 Porz-Solingen"]
[Site "?"]
[Date "1991.??.??"]
[Round "?.5"]
[White "Reeh, O."]
[Black "Hickl, J."]
[Result "0-1"]
[WhiteElo "2445"]
[BlackElo "2480"]
[PlyCount "54"]
[EventDate "1991.??.??"]

1. e4 d6 2. d4 Nf6 3. Nc3 g6 4. f4 Bg7 5. Nf3 O-O 6. Bd3 Na6 7. O-O c5 8. d5
Rb8 9. a4 Nb4 10. Be2 e6 11. dxe6 fxe6 12. e5 dxe5 13. Qxd8 Rxd8 14. fxe5 Nfd5
15. Bg5 Rf8 16. Nxd5 Nxd5 17. Rad1 b6 18. Bb5 Bb7 19. Bd7 Nc7 20. Bf6 Bxf6 21.
exf6 Rxf6 22. Ng5 Rxf1+ 23. Rxf1 Bd5 24. Rf6 Rf8 25. Rxf8+ Kxf8 26. Nxh7+ Ke7
27. Bb5 c4 0-1

[Event "BL 9192 Porz-Solingen"]
[Site "?"]
[Date "1991.??.??"]
[Round "?.6"]
[White "Knaak, R."]
[Black "Podzielny, K."]
[Result "1-0"]
[WhiteElo "2535"]
[BlackElo "2455"]
[PlyCount "101"]
[EventDate "1991.??.??"]

1. d4 g6 2. c4 Bg7 3. Nc3 c6 4. e4 d6 5. Be3 a6 6. a4 a5 7. Be2 Na6 8. h4 h5 9.
Nh3 Nh6 10. f3 Nb4 11. Rc1 e6 12. Nf2 d5 13. g4 dxe4 14. Ncxe4 Ng8 15. Kf1 Ne7
16. Qd2 hxg4 17. fxg4 f5 18. Ng5 c5 19. d5 exd5 20. Bxc5 d4 21. Rd1 fxg4 22.
Re1 O-O 23. Bxg4 Bxg4 24. Bxe7 Qd7 25. Bxf8 Rxf8 26. Re4 d3 27. Rf4 Be2+ 28.
Kg2 Qc6+ 29. Kg1 Re8 30. b3 Bh5 31. Re4 Rxe4 32. Nfxe4 Qd7 33. Qf4 Nc6 34. Kg2
Be5 35. Qxe5 Nxe5 36. Nf6+ Kg7 37. Nxd7 Nxd7 38. Kf2 Nc5 39. Ke3 Be2 40. Rb1
Kh6 41. Nh3 Bg4 42. Nf4 Bf5 43. Rg1 d2 44. Kxd2 Nxb3+ 45. Kc3 Nc5 46. Kd4 b6
47. Nd5 Nxa4 48. Rg2 Bb1 49. Rg3 Bf5 50. Ra3 Bd7 51. Rb3 1-0

[Event "BL 9192 Porz-Solingen"]
[Site "?"]
[Date "1991.??.??"]
[Round "?.7"]
[White "Schaefer, Ma"]
[Black "Vogt, L."]
[Result "1/2-1/2"]
[WhiteElo "2460"]
[BlackElo "2510"]
[PlyCount "84"]
[EventDate "1991.??.??"]

1. e4 c5 2. Nf3 e6 3. d4 cxd4 4. Nxd4 Nf6 5. Nc3 d6 6. Bd3 Nc6 7. Nxc6 bxc6 8.
O-O Be7 9. b3 O-O 10. Bb2 e5 11. Na4 Bg4 12. f3 Be6 13. c4 Qa5 14. Qe1 Qxe1 15.
Rfxe1 Nd7 16. Red1 f6 17. Bc2 Rfd8 18. Rd2 Nb6 19. Nxb6 axb6 20. a4 d5 21. exd5
cxd5 22. cxd5 Rxd5 23. Rxd5 Bxd5 24. Ba3 Bxa3 25. Rxa3 Rc8 26. Ra2 Kf7 27. Rb2
g6 28. b4 Ra8 29. Kf2 Ke6 30. Rb1 f5 31. Ra1 Rc8 32. Bd1 Rc4 33. Rb1 Rc3 34.
Ra1 Rd3 35. a5 bxa5 36. bxa5 Rd2+ 37. Kg1 Kd6 38. a6 Kc7 39. a7 Ba8 40. Kf1 Kb6
41. Be2 Rd7 42. Ra6+ Kb7 1/2-1/2

[Event "BL 9192 Dortmund-Porz"]
[Site "?"]
[Date "1991.??.??"]
[Round "?.1"]
[White "Christiansen, L."]
[Black "Dolmatov, S."]
[Result "1/2-1/2"]
[WhiteElo "2600"]
[BlackElo "2605"]
[PlyCount "68"]
[EventDate "1991.??.??"]

1. d4 f5 2. g3 Nf6 3. Bg2 g6 4. c3 Bg7 5. Qb3 d5 6. c4 c6 7. Nf3 O-O 8. O-O e6
9. Bf4 h6 10. Nbd2 g5 11. Bxb8 Rxb8 12. Ne5 Bd7 13. Qa3 a6 14. Nb3 Ng4 15. Nxg4
fxg4 16. Qd6 Rf7 17. Rac1 Bf8 18. Qe5 Bg7 19. Qe3 b6 20. Qd3 a5 21. Nd2 Be8 22.
e3 Rbb7 23. a3 Rf6 24. b4 axb4 25. axb4 b5 26. cxd5 exd5 27. e4 dxe4 28. Nxe4
Rf8 29. Nc5 Re7 30. d5 cxd5 31. Bxd5+ Kh8 32. Rcd1 Bf7 33. Qxb5 Qe8 34. Bxf7
Qxf7 1/2-1/2

[Event "BL 9192 Dortmund-Porz"]
[Site "?"]
[Date "1991.??.??"]
[Round "?.2"]
[White "Razuvaev, Y."]
[Black "Lutz, C."]
[Result "1/2-1/2"]
[WhiteElo "2590"]
[BlackElo "2545"]
[PlyCount "65"]
[EventDate "1991.??.??"]

1. d4 Nf6 2. c4 e6 3. Nf3 Bb4+ 4. Bd2 a5 5. g3 d6 6. Bg2 Nbd7 7. O-O e5 8. e3
c6 9. Bc1 e4 10. Ng5 d5 11. c5 h6 12. Nh3 a4 13. a3 Ba5 14. Qxa4 Nf8 15. b4
Bxh3 16. Bxh3 Bc7 17. Qd1 h5 18. f4 exf3 19. Nd2 h4 20. g4 Ne6 21. Nxf3 Ne4 22.
Qe2 N6g5 23. Nxg5 Nxg5 24. Bg2 O-O 25. Bd2 Qd7 26. Be1 h3 27. Bh1 f5 28. Bh4
Ne4 29. g5 g6 30. Bxe4 fxe4 31. Rf6 Rxf6 32. gxf6 Kf7 33. Bg5 1/2-1/2

[Event "BL 9192 Dortmund-Porz"]
[Site "?"]
[Date "1991.??.??"]
[Round "?.4"]
[White "Mainka, R."]
[Black "Vaganian, R."]
[Result "0-1"]
[WhiteElo "2445"]
[BlackElo "2585"]
[PlyCount "114"]
[EventDate "1991.??.??"]

1. e4 e6 2. d4 d5 3. Nc3 Bb4 4. e5 b6 5. Qg4 Bf8 6. Bg5 Qd7 7. f4 Ba6 8. Bxa6
Nxa6 9. Nge2 f5 10. Qh3 Be7 11. g4 Bxg5 12. gxf5 Bh4+ 13. Qxh4 exf5 14. Rg1 c6
15. Nd1 Nc7 16. Ne3 Qf7 17. O-O-O Ne7 18. Rg2 O-O-O 19. Qe1 Kb7 20. Qb4 Ne6 21.
c4 dxc4 22. Qxc4 Nd5 23. Nxd5 Rxd5 24. Nc3 Rd7 25. Rc2 Rhd8 26. d5 cxd5 27. Qa4
Nc5 28. Qa3 a6 29. Kb1 d4 30. Na4 Nxa4 31. Qxa4 Qd5 32. Re1 d3 33. Rd2 Qd4 34.
Qd1 Qc4 35. Qf3+ Qc6 36. Qd1 Rd4 37. Re3 a5 38. a3 h6 39. e6 Re4 40. Rexd3 Rxd3
41. Rxd3 Qxe6 42. Qf3 Ka6 43. Rd1 Re1 44. Qd3+ Kb7 45. Rxe1 Qxe1+ 46. Ka2 Qe6+
47. Ka1 g5 48. Qd2 gxf4 49. Qxf4 Qe4 50. Qxh6 f4 51. Qg7+ Kc6 52. Qg4 Kd6 53.
Qh4 Kc5 54. Ka2 Kd4 55. Qf6+ Kd3 56. Qd6+ Ke2 57. Qc7 f3 0-1